| 000 | 00379nam a22001217a 4500 | ||
|---|---|---|---|
| 082 | _a200 THE | ||
| 100 |
_aTanveer Ahmad _970709 |
||
| 245 | _aTH-SOF-1066-Fundus Image Mosaic Generation For Large Field of View | ||
| 260 |
_aISLAMABAD _bNUST COLLEGE OF EME _c2014 |
||
| 650 | _aMS-COMPUTER ENGINEERING-69 MSTHESIS | ||
| 700 |
_aSUPERVISON Dr. Usman Akram _970710 |
||
| 942 | _cCF | ||
| 999 |
_c577613 _d577613 |
||